Kombinovaná výroba elektriny a tepla s kombinovanou výrobou chladu pre administratívnu budovu

Guardado en:
Detalles Bibliográficos
Autor principal: Mečiar, Andrej, 1989- (Autor)
Otros Autores: Füri, Belo, 1948- (Orientador)
Formato: Manuscrito Libro
Lenguaje:eslovaco
Publicado: Bratislava : STU v Bratislave SvF, 2013
Materias:
Acceso en línea:VAIS
Etiquetas: Agregar Etiqueta
Sin Etiquetas, Sea el primero en etiquetar este registro!

MARC

LEADER 00000ntm a22000003a 4500
001 stu271451
005 20150617230233.6
008 130719s2013----xo------------------slo-d
040 |a STU  |b slo 
041 0 |a slo 
044 |a xo 
100 1 |a Mečiar, Andrej,  |d 1989-  |4 aut  |u V  |T SvF Stavebná fakulta  |X 59144  |U V  |Y 10  |7 A000059144 
242 0 0 |a Combined production of electricity and heat with combined production of cool for administrative building  |y eng 
245 1 |a Kombinovaná výroba elektriny a tepla s kombinovanou výrobou chladu pre administratívnu budovu 
260 |a Bratislava :  |b STU v Bratislave SvF,  |c 2013 
650 7 |a Building Services  |2 estusub 
650 7 |a trigenerácia  |2 stusub 
700 1 |a Füri, Belo,  |d 1948-  |4 ths  |u V290  |U SvF Stavebná fakulta  |T SvF Katedra technických zariadení budov  |X 2442  |U V290  |Y 31  |7 A000002442 
856 4 |a info a plný text  |u http://is.stuba.sk/zp/portal_zp.pl?podrobnosti=93200  |3 VAIS